| 000 | 00753nam a2200241Ia 4500 | ||
|---|---|---|---|
| 003 | OSt | ||
| 005 | 20220726112934.0 | ||
| 008 | 210716s2012 xx 000 0 und d | ||
| 020 | _a9788132205449 | ||
| 040 | _cAIMIT LIBRARY | ||
| 041 | _aeng | ||
| 082 |
_a005.30287 _21 _bBURI |
||
| 100 |
_aBurnstein, Ilene. _953292 |
||
| 245 |
_aPractical software testing : _bprocess oriented approach / _cBy Ilene Burnstein. |
||
| 250 | _a1st ed. | ||
| 260 |
_aNew Delhi : _bSpringer , _c2012. |
||
| 300 |
_axxi,709 p.; _c25 cm. |
||
| 650 |
_aTesting fundamentals _953293 |
||
| 650 |
_aDefects hypotheses and tests _953294 |
||
| 650 |
_aLevels of testing _953295 |
||
| 650 |
_aGoals policies plans and documentation _953296 |
||
| 942 |
_2ddc _cBK _k005.30287 BURI |
||
| 999 |
_c192576 _d192576 |
||